Soap, Shampoo and Deodorant Brand Synonyms Quiz Stats

Quiz not verified by Sporcle

Also try: Sporcle Top Five
Challenge
Share
Tweet
Embed
Score 0/18 Timer 06:00
0 Plays Today
Synonym Brand % Correct
Peaceful BirdDove
78.9%
Upper Limb & MalletArm & Hammer
64.5%
Elderly SeasoningOld Spice
63.2%
HatchetAxe
61.8%
ConfidentialSecret
59.2%
AustralianAussie
55.3%
Gaelic Season Following WinterIrish Spring
50%
Temperature UnitDegree
50%
The Presidents After Lincoln & JFKJohnson & Johnson
50%
Synonym Brand % Correct
ZealZest
48.7%
Correct WatchmanRight Guard
42.1%
Dudes OnlyJust for Men
38.2%
ForbidBan
35.5%
Velocity CaneSpeed Stick
35.5%
BustHead & Shoulders
34.2%
Tune to Desired PositionDial
32.9%
Crowbar Square Root of 4 millionLever 2000
28.9%
CharmingSuave
25%

You're not logged in!

Compare scores with friends on all Sporcle quizzes.
Join for Free
OR
Log In

You Might Also Like...

Show Comments

Extras

Created Jun 29, 2014ReportNominate
Tags:brand, deodorant, soap, synonym

Top Quizzes Today


Score Distribution

Your Account Isn't Verified!

In order to create a playlist on Sporcle, you need to verify the email address you used during registration. Go to your Sporcle Settings to finish the process.

Report this User

Report this user for behavior that violates our Community Guidelines.

Details: